000 00291nam a22001337a 4500
008 170609b xxu||||| |||| 00| 0 eng d
020 _a9780029119150
041 _aeng
080 _a32
100 _a19
101 _ashp
245 _aINFORMING STATECRAFT
_cCODEVILLA, A
942 _2udc
_cBK
999 _c16756
_d16756